000
00333nam a22001457a 4500
008
210312b ||||| |||| 00| 0 eng d
020
_a
9781556424625
041
_a
eng
080
_a
615.83
082
_a
615.83
100
_a
8
101
_a
EGZ
245
_a
Musular Analysis of Everday Activities
_c
Bukowski,E
942
_2
udc
_c
BK
999
_c
56597
_d
56597